Les nouveaux outils de la diplomatie au XXe siècle (notice n° 1603500)
[ vue normale ]
| 000 -LEADER | |
|---|---|
| fixed length control field | 02520cam a2200181 4500500 |
| 005 - DATE AND TIME OF LATEST TRANSACTION | |
| control field | 20251228092658.0 |
| 041 ## - LANGUAGE CODE | |
| Language code of text/sound track or separate title | fre |
| 042 ## - AUTHENTICATION CODE | |
| Authentication code | dc |
| 100 10 - MAIN ENTRY--PERSONAL NAME | |
| Personal name | Fleury, Antoine |
| Relator term | author |
| 245 00 - TITLE STATEMENT | |
| Title | Les nouveaux outils de la diplomatie au XXe siècle |
| 260 ## - PUBLICATION, DISTRIBUTION, ETC. | |
| Date of publication, distribution, etc. | 2005.<br/> |
| 500 ## - GENERAL NOTE | |
| General note | 50 |
| 520 ## - SUMMARY, ETC. | |
| Summary, etc. | Les tensions entre les États-Unis et la France pendant le premier mandat du président George W. Bush sont enracinées dans des conflits franco-américains pendant l’Administration du président Bill Clinton. Des querelles concernant la réponse appropriée aux guerres sanglantes dans les Balkans, aussi bien que des conflits commerciaux transatlantiques, ont indiqué la tendance unilatéraliste grandissante de la part de Washington et la détermination de Paris d’accélérer l’intégration économique et la coopération militaire européenne afin de balancer et restreindre 1’« hyperpuissance ». Dans les Balkans, les États-Unis ont laissé l’Europe de côté et organisé les opérations militaires et la stratégie diplomatique qui ont réglé les conflits dans le péninsule. Mais une Europe récemment unifiée, inspirée par la France, a contesté (souvent avec succès) la campagne lancée par l’Amérique pour favoriser les intérêts de ses sociétés multinationales contre leurs concurrents du vieux continent. |
| 520 ## - SUMMARY, ETC. | |
| Summary, etc. | The acute tensions between the United States and France in the first term of President George W. Bush originated in the Franco-American differences during the Administration of President Bill Clinton. Disagreements over appropriate responses to the bloody conflicts in the Balkans, as well as transatlantic trade disputes, revealed Washington’s growing tendency toward unilateralism and Paris’s determination to promote European economic integration and military cooperation as a means of balancing and restraining the « hyperpower. » In the Balkans, the United States ignored Europe and took the lead in organizing the military operations and diplomatic strategy which settled the conflicts there. But a newly united Europe, urged on by France, challenged (often successfully) Washington’s campaign to promote the interests of large U.S. corporations against their competitors from the old continent. |
| 700 10 - ADDED ENTRY--PERSONAL NAME | |
| Personal name | Soutou, Georges-Henri |
| Relator term | author |
| 786 0# - DATA SOURCE ENTRY | |
| Note | Relations internationales | 121 | 1 | 2005-03-01 | p. 3-7 | 0335-2013 |
| 856 41 - ELECTRONIC LOCATION AND ACCESS | |
| Uniform Resource Identifier | <a href="https://shs.cairn.info/revue-relations-internationales-2005-1-page-3?lang=fr&redirect-ssocas=7080">https://shs.cairn.info/revue-relations-internationales-2005-1-page-3?lang=fr&redirect-ssocas=7080</a> |
Pas d'exemplaire disponible.




Réseaux sociaux